[Event "HUN-chT2 9394"]
[Site "?"]
[Date "1994.??.??"]
[Round "?"]
[White "Herpai, Jozsef"]
[Black "Ortel, Endre"]
[Result "1/2-1/2"]
[WhiteElo "2320"]
[BlackElo "2340"]

1.Nf3 Nf6 2.c4 c5 3.g3 b6 4.Bg2 Bb7 5.O-O e6 6.b3 d5 7.cxd5 Nxd5 8.Bb2 Nd7
9.Nc3 N7f6 10.Rc1 Be7 11.Nxd5 Bxd5 12.Ne5 Bxg2 13.Kxg2 Qd5+ 14.Nf3 Rd8 15.Kg1 O-O
16.Qc2 Qh5  1/2-1/2

[Event "HUN-chT2 9394"]
[Site "?"]
[Date "1994.??.??"]
[Round "?"]
[White "Csaba, Arpad"]
[Black "Pergel, Laszlo"]
[Result "1-0"]
[WhiteElo "2235"]
[BlackElo "2030"]

1.Nf3 c5 2.g3 b6 3.Bg2 Bb7 4.O-O e6 5.c4 Nf6 6.Nc3 Be7 7.a3 O-O 8.Rb1 Qc8
9.d3 Rd8 10.e4 d6 11.Nh4 Nfd7 12.f4 Bf6 13.Nb5 Nf8 14.Qg4 Nc6 15.Nf3 g6 16.h4 Bg7
17.h5 a6 18.Nc3 Nd7 19.hxg6 hxg6 20.Qh4 Nd4 21.Ng5 Nf8 22.Be3 d5 23.cxd5 exd5
24.Bh3 Qc7 25.e5 Nf5 26.Bxf5 gxf5 27.d4 b5 28.Rf2 cxd4 29.Bxd4 Ne6 30.Ne2 Qe7
31.Qh7+ Kf8 32.Qxf5 Nxg5 33.fxg5 Bc8 34.Qf4 Kg8 35.Rc1 Be6 36.Bc5 Qd7 37.Nd4 Rdc8
38.b4 a5 39.Rcf1 Rc7 40.Rh2 axb4 41.axb4 Rxc5 42.bxc5 Ra4 43.g6 fxg6 44.Qh4 Bf5
45.Qh7+ Kf8 46.Nxf5  1-0

[Event "Kstovo op"]
[Site "Kstovo"]
[Date "1994.??.??"]
[Round "4"]
[White "Usov, A."]
[Black "Bazhin, A."]
[Result "1-0"]
[WhiteElo "2340"]
[BlackElo "2280"]

1.Nf3 c5 2.g3 b6 3.Bg2 Bb7 4.O-O Nf6 5.c4 e6 6.Nc3 Be7 7.d4 cxd4 8.Qxd4 O-O
9.Rd1 Nc6 10.Qf4 Qc8 11.b3 Rd8 12.Bb2 Qb8 13.Qxb8 Raxb8 14.Rac1 a6 15.Nd4 Nxd4
16.Rxd4 Bxg2 17.Kxg2 b5 18.cxb5 axb5 19.Rd2 d5 20.Nd1 Ne8 21.Be5 Rbc8 22.Rdc2 Rxc2
23.Rxc2 Ra8 24.f4 b4 25.Nf2 f6 26.Bd4 Nd6 27.Nd3 Ne4 28.Nf2 Nd6 29.Nd3 Ne4
30.Nf2 Nxf2 31.Kxf2 Ra5 32.Rc7 Kf8 33.Ra7 Rxa7 34.Bxa7 Bd6 35.Ke3 e5 36.fxe5 fxe5
37.Kd3 Ke7 38.e4 d4 39.Bb6 Kd7 40.Kc4 Kc6 41.Ba5 Be7 42.Bxb4 Bxb4 43.Kxb4 Kb6
44.Kc4 Kc6 45.b4 Kb6 46.g4 g5 47.a4 Kb7 48.b5 Kb6 49.Kb4 Ka7 50.a5 Kb7 51.b6 Kc6
52.Kc4 Kd6 53.a6 Kc6 54.a7 Kb7 55.Kc5 d3 56.Kd6  1-0

[Event "EUCup Gr3"]
[Site "Lubniewice"]
[Date "1994.??.??"]
[Round "2"]
[White "Pekarek, Ales"]
[Black "Przewoznik, Jan"]
[Result "1-0"]
[WhiteElo "2415"]
[BlackElo "2380"]

1.Nf3 Nf6 2.c4 e6 3.g3 b6 4.Bg2 Bb7 5.O-O c5 6.Nc3 Be7 7.d3 O-O 8.e4 d6 9.Ne1 Nc6
10.f4 Qd7 11.g4 Nd4 12.g5 Ne8 13.f5 exf5 14.exf5 Bxg2 15.Nxg2 f6 16.g6 h6
17.Ne3 Nc7 18.Qh5 Rae8 19.Ng4 Bd8 20.Nxh6+ gxh6 21.Bxh6 b5 22.Rf4 b4 23.Ne4 Na6
24.Raf1 Rxe4 25.Rxe4 d5 26.cxd5 Re8 27.Bg7  1-0

[Event "Makarska"]
[Site "Makarska"]
[Date "1994.??.??"]
[Round "?"]
[White "Dizdar, Goran"]
[Black "Stone, Raymond"]
[Result "1-0"]
[WhiteElo "2465"]
[BlackElo "2355"]

1.Nf3 Nf6 2.c4 c5 3.g3 b6 4.Bg2 Bb7 5.O-O e6 6.Nc3 a6 7.e3 Qc7 8.b3 Be7 9.d4 d6
10.d5 exd5 11.cxd5 O-O 12.a4 Nbd7 13.Bb2 Rfe8 14.Nd2 Rab8 15.Nc4 Ba8 16.e4 Bf8
17.Qc2 b5 18.axb5 axb5 19.Ne3 Qb6 20.Rfe1 Ne5 21.h3 b4 22.Na4 Qd8 23.Rad1 Bb7
24.f4 Ng6 25.Nc4 Nd7 26.Kh2 Ba6 27.Bf1 Bb5 28.Ra1 Ra8 29.Nxd6 Bxf1 30.Nxe8 Bb5
31.Nxg7 Bxg7 32.Bxg7 Bxa4 33.Bb2 Bb5 34.e5 Rc8 35.e6 fxe6 36.dxe6 Ndf8 37.Rad1 Qc7
38.Qf5 Be8 39.Qf6 Qe7 40.f5  1-0

[Event "Mestres"]
[Site "Mestres"]
[Date "1994.??.??"]
[Round "5"]
[White "Antunes, Antonio"]
[Black "Galego, Luis"]
[Result "1/2-1/2"]
[WhiteElo "2465"]
[BlackElo "2390"]

1.Nf3 Nf6 2.c4 c5 3.g3 b6 4.Bg2 Bb7 5.O-O e6 6.Nc3 Be7 7.d4 cxd4 8.Qxd4 d6
9.b3 O-O 10.Rd1 Nbd7 11.e4 a6 12.Ba3 Nc5 13.e5 dxe5 14.Qxd8 Rfxd8 15.Nxe5 Bxg2
16.Kxg2 Bf8 17.Bxc5 Bxc5 18.Na4 Rac8 19.Nxc5 bxc5 20.Nc6 Rxd1 21.Rxd1 Kf8
22.Ne5 Ke7 23.f4 Rc7 24.Kf3 Ne8 25.Ke3 Nd6 26.g4 f6 27.Nd3 Nb7 28.h4 h5 29.f5 e5
30.gxh5 Rd7 31.Rg1 Kf7 32.Rg6  1/2-1/2

[Event "Mestres"]
[Site "Mestres"]
[Date "1994.??.??"]
[Round "7"]
[White "Antunes, Antonio"]
[Black "Damaso, Rui"]
[Result "1/2-1/2"]
[WhiteElo "2465"]
[BlackElo "2435"]

1.Nf3 Nf6 2.c4 b6 3.g3 c5 4.Bg2 Bb7 5.O-O e6 6.Nc3 Be7 7.d4 cxd4 8.Qxd4 d6
9.b3 Nbd7 10.Nb5 Nc5 11.Rd1 d5 12.cxd5 exd5 13.Bb2 O-O 14.Bh3 a6 15.Nc3 Ne6
16.Bxe6 fxe6 17.Na4 b5 18.Nc5 Bxc5 19.Qxc5 Ne4 20.Qe3 Qe7 21.Rac1 b4 22.Rc2 Rac8
23.Rdc1 Rxc2 24.Rxc2 h6 25.Bd4 a5 26.Be5 Rc8 27.Rxc8+ Bxc8 28.Qb6 Qc5 29.Qd8+ Kh7
30.Bd4 Qc1+ 31.Kg2 Nd2 32.Nxd2 Qxd2 33.e3 Qc2 34.Qe7 Qe4+ 35.Kg1 Qb1+ 36.Kg2  1/2-1/2

[Event "Moscow ol (Men)"]
[Site "Moscow"]
[Date "1994.??.??"]
[Round "7"]
[White "Skembris, Spyridon"]
[Black "Marin, Mihail"]
[Result "1/2-1/2"]
[WhiteElo "2525"]
[BlackElo "2520"]

1.c4 Nf6 2.Nf3 c5 3.g3 b6 4.Bg2 Bb7 5.O-O e6 6.Nc3 a6 7.d4 cxd4 8.Qxd4 d6
9.b3 Nbd7 10.Bb2 Be7 11.Rfd1 O-O 12.Nd2 Bxg2 13.Kxg2 Qc7 14.f3 Rfd8 15.e4 Qb7
16.a4 Bf8 17.Rab1 Rac8 18.Nf1 Ne5 19.Ne3 g6 20.h3 Bg7 21.Qd2 b5 22.axb5 axb5
23.Nxb5 Nxe4 24.Qe2 Nc5 25.Bxe5 Bxe5 26.Ng4 Ra8 27.b4 Na4 28.Nxe5 dxe5 29.Qxe5 Nb6
30.Rxd8+ Rxd8 31.Nd6 Qa6 32.c5 Nd5 33.Rb2 Ra8 34.h4 h5 35.Ne4 Qb5 36.Nf6+ Nxf6
37.Qxf6 Ra1 38.Rf2 Rc1 39.Qd8+ Kh7 40.Qf8 Qd7 41.Ra2 e5 42.Re2 Qd1 43.Qxf7+ Kh6
44.Qf8+ Kh7 45.Qe7+ Kh6 46.Qg5+ Kh7  1/2-1/2

[Event "Moscow ol (Men)"]
[Site "Moscow"]
[Date "1994.??.??"]
[Round "12"]
[White "Teo Kok Siong"]
[Black "Goormachtigh, Johan"]
[Result "1/2-1/2"]
[WhiteElo "2370"]
[BlackElo "2300"]

1.c4 c5 2.Nf3 Nf6 3.g3 b6 4.Bg2 Bb7 5.O-O e6 6.b3 Be7 7.Bb2 O-O 8.Nc3 d6
9.d4 cxd4 10.Qxd4 a6 11.e4 Nbd7 12.Rfe1 Qc7 13.Rad1 Rad8 14.h3 Nc5 15.Nh2 Rfe8
16.Nf1 Bf8 17.b4 Ncd7 18.Ne3 Ne5 19.a3 Rc8 20.Rc1 Nxc4 21.Nxc4 Qxc4 22.Qxb6 Qb3
23.Ba1 Rb8 24.Qa5 Be7 25.Rb1 Qc2 26.b5 axb5 27.Qxb5 Bxe4 28.Qxb8 Bxg2 29.Qb3 Qxb3
30.Rxb3 Bxh3 31.a4 Ra8 32.Reb1 Nd7 33.Rb7 e5 34.Bb2 Bf5 35.Ra1 Bd8 36.a5 Rxa5
37.Rxa5 Bxa5 38.Ra7 Bc2 39.Ra8+ Nf8 40.Bc1 Be4 41.Rd8 f6  1/2-1/2

[Event "Moscow ol (Women)"]
[Site "Moscow"]
[Date "1994.??.??"]
[Round "13"]
[White "Ioseliani, Nana"]
[Black "Kulish, Irina"]
[Result "1/2-1/2"]
[WhiteElo "2435"]
[BlackElo "2250"]

1.c4 c5 2.Nf3 e6 3.g3 b6 4.Bg2 Bb7 5.O-O Nf6 6.Nc3 d6 7.b3 Nbd7 8.Bb2 Be7
9.d4 cxd4 10.Qxd4 a6 11.Rfd1 Qc7 12.Rac1 Rc8 13.Ng5 Bxg2 14.Kxg2 O-O 15.Nge4 Rfd8
16.f3 Nc5 17.Nf2 Qb7 18.b4 Ncd7 19.Nce4 d5 20.cxd5 Qxd5 21.Nxf6+ Nxf6 22.Qxb6 Qxa2
23.Rxc8 Rxc8 24.Qb7 Re8 25.Bxf6 Bxf6 26.Qd7 Rf8 27.Rd2 Qc4 28.Ne4 Qxb4 29.Nxf6+ gxf6
30.Rd4 Qc5 31.Rg4+ Kh8 32.Qd3 f5 33.Ra4 Ra8  1/2-1/2

[Event "Muenster op"]
[Site "Muenster"]
[Date "1994.??.??"]
[Round "3"]
[White "Panchenko, Alexander N"]
[Black "Vuckovic, Aleksandar"]
[Result "1-0"]
[WhiteElo "2475"]
[BlackElo "2260"]

1.Nf3 c5 2.g3 b6 3.Bg2 Bb7 4.O-O Nf6 5.c4 e6 6.Nc3 a6 7.b3 Be7 8.Bb2 O-O
9.e3 d6 10.d4 cxd4 11.Nxd4 Bxg2 12.Kxg2 Ra7 13.Qf3 Rd7 14.Rfd1 Qc7 15.Rac1 Rc8
16.h3 Qb7 17.Qxb7 Rxb7 18.f4 Nc6 19.Nxc6 Rxc6 20.Kf3 b5 21.cxb5 axb5 22.Nd5 Rxc1
23.Nxe7+ Kf8 24.Rxc1 Kxe7 25.e4 Kd7 26.Rd1 Ne8 27.Ke3 g6 28.g4 Ra7 29.a3 Ke7
30.g5 Nc7 31.Rc1 Kd7 32.h4 Ra6 33.h5 Rc6 34.hxg6 hxg6 35.Rh1 Rc2 36.Bf6 e5
37.fxe5 d5 38.Rh8 dxe4 39.Rd8+ Ke6 40.Kxe4 Re2+ 41.Kd3 Ra2 42.Rd6+ Kf5 43.Rd7 Ne6
44.Rxf7 Nf4+ 45.Kc3 Nd5+ 46.Kd4 Nxf6 47.gxf6 Rxa3 48.Re7 Ra8 49.f7 Rf8 50.e6 Kf6
51.Re8 Kg7  1-0

[Event "Muenster-IM"]
[Site "Muenster"]
[Date "1994.??.??"]
[Round "8"]
[White "Hausrath, Daniel"]
[Black "Kruszynski, Wlodzimierz"]
[Result "1/2-1/2"]
[WhiteElo "2280"]
[BlackElo "2390"]

1.Nf3 Nf6 2.g3 b6 3.Bg2 Bb7 4.O-O c5 5.c4 e6 6.Nc3 a6 7.d4 cxd4 8.Qxd4 d6
9.b3 Nbd7 10.Bb2 Be7 11.Rad1 O-O 12.e4 Qc7 13.Rfe1 Rad8 14.Qd2 Rfe8 15.Nd4 Bf8
16.h3 Qb8 17.g4 h6 18.Qe3 Nc5 19.e5 dxe5 20.Nc6 Bxc6 21.Bxc6 Ncd7 22.Ne4 Qc7
23.Nxf6+ gxf6 24.Qf3 Bg7 25.Ba3 Kh8 26.Bd6 Qa7 27.Rd3 f5 28.gxf5 Rg8 29.Kh1 Nc5
30.f6 Nxd3 31.fxg7+ Rxg7 32.Qxd3 f6 33.Rd1 Qf7 34.Qe2 Qg6 35.Be4 f5 36.Bxe5 Rxd1+
37.Qxd1 fxe4 38.Qg4 Kh7 39.Bxg7 Kxg7 40.Qxg6+ Kxg6 41.Kg2 Kf5 42.Kf1 Ke5  1/2-1/2

[Event "NLD-sf"]
[Site "?"]
[Date "1994.??.??"]
[Round "6"]
[White "Tondivar, Babak"]
[Black "Van Gisbergen, Stan"]
[Result "1/2-1/2"]
[WhiteElo "2315"]
[BlackElo "2360"]

1.Nf3 Nf6 2.c4 b6 3.g3 c5 4.Bg2 Bb7 5.O-O e6 6.Nc3 d5 7.d4 dxc4 8.Qa4+ Nbd7
9.Rd1 a6 10.Qxc4 b5 11.Qb3 cxd4 12.Nxd4 Bxg2 13.Kxg2 Qb6 14.f3 Be7 15.e4 O-O
16.Be3 Qb7 17.Qc2 Rac8 18.Qe2 Ne5 19.Rac1 Bb4 20.Bd2 Nc4 21.Be1 Bc5 22.Bf2 Nb6  1/2-1/2

[Event "POR-ch"]
[Site "?"]
[Date "1994.??.??"]
[Round "7"]
[White "Fernandes, Antonio"]
[Black "Galego, Luis"]
[Result "0-1"]
[WhiteElo "2425"]
[BlackElo "2440"]

1.c4 c5 2.Nf3 Nf6 3.g3 b6 4.Bg2 Bb7 5.O-O e6 6.Nc3 Be7 7.d4 cxd4 8.Qxd4 d6
9.b3 O-O 10.Rd1 Nbd7 11.Ng5 Bxg2 12.Kxg2 Qc7 13.Bb2 Rfd8 14.f3 a6 15.Rd2 h6
16.Nge4 Nc5 17.Rad1 Qc6 18.Nf2 b5 19.Ng4 bxc4 20.Qxc4 Rac8 21.Qd4 Kf8 22.Qf4 Nxg4
23.Qxg4 Bf6 24.Na4 Nxa4 25.Bxf6 gxf6 26.bxa4 Ke7 27.Qh4 Qc5 28.Qe4 Rd7 29.Rd5 Qc2
30.R1d3 Rc4 31.Qe3 Qxa2 32.Rd2 Qxa4 33.Rh5 Rc2 34.Rh4 Qa2 35.Rxc2 Qxc2 36.Rxh6 Rc7
37.Rh8 Rc8 38.Rh6 Qc5 39.Qf4 Qg5 40.Rh4 Qxf4 41.Rxf4 a5 42.h4 Ra8 43.Ra4 f5
44.g4 fxg4 45.fxg4 d5 46.Kf3 Kf6 47.e4 dxe4+ 48.Kxe4 Rh8 49.Rxa5 Rxh4 50.Kf4 Rh3
51.Ra6 Rd3 52.Ke4 Rb3 53.Kf4 Kg6 54.Rc6 Rd3 55.Ke4 Rd1 56.Rc8 Re1+ 57.Kf3 e5
58.Rg8+ Kf6 59.g5+ Kf5 60.Rg7 Ke6 61.Kf2 Rb1 62.Ke3 Rb7 63.Ke4 Rc7 64.Ke3 Rb7
65.g6 Rb3+ 66.Kf2 f5 67.Rg8 e4 68.Rf8 Rf3+ 69.Ke2 Rg3 70.Re8+ Kf6 71.Rf8+ Ke5
72.Rg8 Rg2+ 73.Kf1 Rg5 74.Ke2 Kf6 75.Ke3 Rxg6 76.Rf8+ Kg5 77.Rf7 Ra6 78.Rg7+ Kf6
79.Rg8 Ra3+ 80.Kd4 Rd3+ 81.Kc4 Ke5  0-1

[Event "Portoroz op"]
[Site "Portoroz"]
[Date "1994.??.??"]
[Round "?"]
[White "Dizdarevic, Emir"]
[Black "Gostisa, Leon"]
[Result "1/2-1/2"]
[WhiteElo "2515"]
[BlackElo "2410"]

1.c4 Nf6 2.g3 e6 3.Nf3 b6 4.Bg2 Bb7 5.O-O c5 6.Nc3 d6 7.d4 cxd4 8.Qxd4 a6
9.Bg5 Nbd7 10.Nd2 Bxg2 11.Kxg2 Qc7 12.Nde4 Nxe4 13.Nxe4 Nc5 14.Nd2 f6 15.Be3 Be7
16.b4 Qc6+ 17.f3 Nd7 18.Rfd1 O-O 19.Qe4 Qxe4 20.Nxe4 Ne5 21.Nxd6 Bxd6 22.Rxd6 Nxc4
23.Rd3 Rfd8 24.Bf2 Kf7 25.a4 Ke8 26.f4 Rd7 27.Rc3 Rc8 28.b5 axb5 29.axb5 Rdc7
30.Ra6 Rb7 31.Bxb6 Nxb6 32.Rxb6 Rxb6 33.Rxc8+ Ke7 34.Rc7+ Kf8 35.Rc5 Ke7
36.e4 Kd6 37.Rh5 h6 38.e5+ fxe5 39.Rxe5 Rb8 40.h4 g6 41.Kf3 Rb7 42.Kf2 Rb8
43.Ke3 Ra8 44.Kd2 Ra2+ 45.Kc3 Ra3+ 46.Kc4 Rxg3 47.b6 Rf3 48.Re4 g5 49.fxg5 hxg5
50.hxg5 Rg3 51.Kb5 Rxg5+ 52.Ka6 Rg1 53.Ra4 Rb1 54.Ka7 Kc6 55.Rc4+ Kd5 56.Rc2 e5
57.b7 e4 58.b8=Q  1/2-1/2

[Event "ROM-ch (Women)"]
[Site "ROM"]
[Date "1994.??.??"]
[Round "?"]
[White "Olarasu, Gabriela"]
[Black "Iosif, Cristina S"]
[Result "1-0"]
[WhiteElo "2290"]
[BlackElo "2220"]

1.Nf3 Nf6 2.c4 b6 3.g3 Bb7 4.Bg2 c5 5.O-O e6 6.b3 Be7 7.Bb2 O-O 8.e3 d5 9.Nc3 dxc4
10.bxc4 Qc8 11.Qe2 Nc6 12.Rac1 Rd8 13.Rfd1 Rd7 14.d3 Qd8 15.e4 Ne8 16.e5 Nb4
17.Ne1 Bxg2 18.Kxg2 Qc7 19.Rd2 Qb7+ 20.Kg1 Rad8 21.Rcd1 a6 22.f4 g6 23.Nf3 Ng7
24.g4 Nc6 25.Ne4 b5 26.Nf6+ Bxf6 27.exf6 Ne8 28.f5 exf5 29.gxf5 Nd4 30.Nxd4 cxd4
31.fxg6 hxg6 32.Rf1 Qb6 33.Qe5 Qd6 34.Qg5 Qe6 35.Rf3 Rd6 36.Ba3 Qe1+ 37.Kg2 Re6
38.Be7 Rc8 39.Qh6 Re2+ 40.Kh3 Rxe7 41.fxe7 Qxe7 42.Rdf2 Nd6 43.Kg2 Qe5 44.Rh3 Qg7
45.Qxg7+ Kxg7 46.cxb5 axb5 47.Rb2 Nf5 48.Kf3 Rc5 49.Ke2 g5 50.Rf3 Kg6 51.Kd2 Ne3
52.Rf2 f5 53.Ke1 f4 54.h3 Kh5 55.Ke2 Kh4 56.Kf3 Nd1 57.Rbc2 Nb2 58.Rxc5 Nxd3
59.Rxb5 Nc1 60.a4 d3 61.a5 Ne2 62.Rd5 Ng1+ 63.Kg2 Nxh3 64.Rxd3 g4 65.a6 f3+
66.Rfxf3 gxf3+ 67.Kf1 Nf4 68.a7 Kg3 69.a8=Q Nxd3 70.Qd5  1-0

[Event "Sevilla op"]
[Site "Sevilla"]
[Date "1994.??.??"]
[Round "3"]
[White "Antunes, Antonio"]
[Black "Nedobora, Mikhail"]
[Result "1/2-1/2"]
[WhiteElo "2465"]
[BlackElo "2460"]

1.Nf3 c5 2.c4 Nf6 3.g3 b6 4.Bg2 Bb7 5.O-O e6 6.Nc3 a6 7.b3 d6 8.d4 cxd4 9.Qxd4 Nbd7
10.Rd1 Be7 11.e4 Qc8 12.Bb2 O-O 13.Rac1 Nc5 14.Nd2 Qc7 15.h3 Rac8 16.Kh2 Qb8
17.Re1 Rfd8 18.b4 Ncd7 19.a3 Ba8 20.Qd3 Ne5 21.Qe2 Nc6 22.f4 Rd7 23.Nf3 Rdc7
24.Qd3 Ne8 25.Nd2 Nd8 26.Ne2 Bf8 27.Nb3 Be7 28.Bd4 h6 29.Bb2 Nf6 30.Nd2 Nc6
31.Nb3 Nd7 32.Nc3 Na7 33.Ne2 b5 34.cxb5 Rxc1 35.Rxc1 Rxc1 36.Bxc1 Qxb5 37.Qxb5 Nxb5
38.a4 Nc7 39.Be3 d5  1/2-1/2

[Event "SLO-chT"]
[Site "?"]
[Date "1994.??.??"]
[Round "?"]
[White "Mali, Slavko"]
[Black "Slibar, Matjaz"]
[Result "1/2-1/2"]
[WhiteElo "2230"]
[BlackElo "2250"]

1.c4 e6 2.Nf3 b6 3.g3 Bb7 4.Bg2 Nf6 5.O-O c5 6.d3 Be7 7.Nc3 O-O 8.Qc2 Nc6
9.e4 d5 10.Rd1 Rc8 11.Bg5 d4 12.Ne2 h6 13.Bxf6 Bxf6 14.Nf4 Ne5 15.Nxe5 Bxe5
16.Nh3 Bf6 17.f4 e5 18.Rf1 Rc7 19.Qe2 Qd6 20.Rf2 a6 21.Raf1 b5 22.b3 Bc6
23.fxe5 Bxe5 24.Nf4 bxc4 25.bxc4 Rb8 26.Nd5 Rcb7 27.Qh5 Be8 28.Qg4 Rb1 29.Bh3 Rxf1+
30.Kxf1 f6 31.Kg2 Bf7 32.Qf5 a5 33.Bg4 a4 34.Bh5 a3 35.Bxf7+ Kxf7 36.Qh5+ Kg8
37.Qd1 Qd7 38.Qc1 Qa7 39.Qd1 Qd7 40.Qc1  1/2-1/2

[Event "SVK-chT"]
[Site "?"]
[Date "1994.??.??"]
[Round "?"]
[White "Konopka, Michal"]
[Black "Pejko, Otomar"]
[Result "0-1"]
[WhiteElo "2425"]
[BlackElo "2180"]

1.Nf3 Nf6 2.c4 c5 3.g3 b6 4.Bg2 Bb7 5.O-O e6 6.Nc3 a6 7.d4 cxd4 8.Qxd4 d6
9.Bg5 Nbd7 10.Rfd1 Be7 11.Qd2 O-O 12.Bf4 Rc8 13.Bxd6 Rxc4 14.Ne5 Nxe5 15.Bxb7 Bxd6
16.Qxd6 Qxd6 17.Rxd6 Rb4 18.b3 g5 19.Rb1 Rb8 20.Bxa6 Ne4 21.Nxe4 Rxe4 22.f3 Re3
23.Rc1 Ng6 24.Kf2 Re5 25.b4 Ne7 26.e4 g4 27.Rc7 Ng6 28.a4 Rh5 29.h4 gxh3
30.Kg1 h2+ 31.Kh1 Rh3 32.Rc8+ Rxc8 33.Bxc8 Rxg3 34.Kxh2 Rxf3 35.Rxb6 Rc3
36.Rb8 Rc2+ 37.Kg3 Kg7 38.a5 h5 39.Bb7 h4+ 40.Kh3 Rc3+ 41.Kg2 Rc2+ 42.Kg1 Ne5
43.a6 h3 44.Rc8 Nf3+ 45.Kf1 h2 46.Rxc2 h1=Q+ 47.Ke2 Qg2+ 48.Ke3 Qxc2 49.a7 Qc1+  0-1

[Event "Wattens op"]
[Site "Wattens"]
[Date "1994.??.??"]
[Round "5"]
[White "Ramroth, Stefan"]
[Black "Kranebitter, Gerhard"]
[Result "1-0"]
[WhiteElo "1920"]
[BlackElo "1800"]

1.c4 e6 2.Nf3 Nf6 3.g3 b6 4.Bg2 Bb7 5.O-O c5 6.b3 Be7 7.Bb2 d6 8.Nc3 Nbd7
9.d4 O-O 10.Rc1 a6 11.Rc2 Qc7 12.Qa1 cxd4 13.Nxd4 Bxg2 14.Kxg2 Qc5 15.Rd2 Rac8
16.Nc2 Qh5 17.Ne3 Ne5 18.Rfd1 g5 19.Qb1 g4 20.Rh1 Qh3+ 21.Kg1 Ne8 22.Qf1 Qxf1+
23.Nxf1 f5 24.h3 h5 25.hxg4 hxg4 26.Kg2 Nf7 27.f3 Ng5 28.f4 Nh3 29.Nd1 Nf6
30.Bxf6 Rxf6 31.Nf2 Nxf2 32.Kxf2 e5 33.Ne3 exf4 34.gxf4 Bf8 35.Nd5 Rg6 36.Nxb6 Re8
37.Rh5 g3+ 38.Kg2 Re7 39.Nd5 Re4 40.Rxf5 Bg7 41.e3 a5 42.Kf3 Ree6 43.Rg2 Kh8
44.Rxg3 Rxg3+ 45.Kxg3 Rg6+ 46.Kf3 Rh6 47.Ne7 Bc3 48.Kg4 Rh2 49.Rh5+  1-0

[Event "Aceimar op"]
[Site "Aceimar"]
[Date "1995.??.??"]
[Round "?"]
[White "Rodriguez, Al"]
[Black "Hernandez, Yadira"]
[Result "1-0"]
[WhiteElo "2490"]
[BlackElo "2205"]

1.Nf3 Nf6 2.g3 b6 3.Bg2 Bb7 4.O-O e6 5.c4 c5 6.b3 Be7 7.Bb2 O-O 8.Nc3 d5
9.e3 Nbd7 10.Qe2 Rc8 11.Rfd1 Qc7 12.Rac1 Qb8 13.d3 Rfd8 14.Nh4 dxc4 15.bxc4 Bxg2
16.Nxg2 Qb7 17.f4 Nb8 18.g4 Rd7 19.f5 exf5 20.gxf5 Re8 21.Nf4 Bd6 22.Ncd5 Nxd5
23.Nxd5 Be5 24.Bxe5 Rxe5 25.Qg4 Kh8 26.Rc2 f6 27.Rg2 Re8 28.Rg3 Nc6 29.Rh3 Rf7
30.Qg6 h6 31.Nxf6 Rxf6 32.Qxe8+ Kh7 33.Rg3 Qc7 34.Qe4 Qe5 35.Qg2 Qe7 36.Kh1 Ne5
37.Qe4 Nc6 38.Qg2 Ne5 39.Rg1 Rf7 40.Qe4 Kh8 41.Qa8+ Kh7 42.Qd5 Qf6 43.d4 Nd3
44.Qe6 cxd4 45.Qxf6 gxf6 46.exd4 Nf2+ 47.Kg2 Ne4 48.Rf3 Rg7+ 49.Kh1 Rd7 50.Re1  1-0

[Event "Avoine op"]
[Site "Avoine"]
[Date "1995.??.??"]
[Round "9"]
[White "Pytel, Krzysztof"]
[Black "Prevot, Emmanuel"]
[Result "1-0"]
[WhiteElo "2490"]
[BlackElo "2255"]

1.Nf3 Nf6 2.c4 b6 3.g3 Bb7 4.Bg2 c5 5.O-O e6 6.Nc3 Be7 7.d4 cxd4 8.Qxd4 d6
9.Rd1 Nbd7 10.e4 a6 11.b3 Qb8 12.Ba3 Nc5 13.e5 dxe5 14.Qxe5 Bxf3 15.Qxb8+ Rxb8
16.Bxf3 O-O 17.Bc1 Rfd8 18.Bf4 Rbc8 19.Kf1 Ne8 20.Ke2 Bf6 21.Rac1 Rxd1 22.Nxd1 a5
23.Nc3 g5 24.Be3 Nd6 25.g4 Kf8 26.Nb1 Ke7 27.Nd2 h6 28.Rc2 Be5 29.h4 gxh4
30.Bxh6 Rh8 31.Be3 f5 32.Rc1 fxg4 33.Bxg4 Nf5 34.Bg5+ Kd7 35.Nf3 Bd6 36.Rd1 Ne4
37.Rd3 Nxg5 38.Nxg5 Rg8 39.f4 Ke7 40.Kf3 Bc5 41.Bh3 a4 42.Ke4 Nd6+ 43.Ke5 axb3
44.axb3 Rd8 45.Rf3 Nf7+ 46.Nxf7 Bd4+ 47.Ke4 Kxf7 48.f5 e5 49.b4 Ra8 50.f6 Rg8
51.Kd5 Rg3 52.Be6+ Kf8 53.Rf5 Rg6 54.c5 bxc5 55.bxc5 Bxc5 56.Kxc5 h3 57.Bd5 h2
58.Kd6 Rh6 59.Bh1 e4 60.Ke6 e3 61.Rf3  1-0

[Event "Badalona op"]
[Site "Badalona"]
[Date "1995.??.??"]
[Round "5"]
[White "Panchenko, Alexandar G"]
[Black "Ionescu, Constantin"]
[Result "1-0"]
[WhiteElo "2480"]
[BlackElo "2545"]

1.Nf3 c5 2.c4 Nf6 3.g3 b6 4.Bg2 Bb7 5.O-O e6 6.Nc3 a6 7.b3 Be7 8.Bb2 O-O
9.e3 Ra7 10.d4 cxd4 11.Nxd4 Bxg2 12.Kxg2 Rc7 13.Qf3 Nc6 14.Nxc6 Rxc6 15.Rfd1 Qa8
16.Rd2 Rc7 17.Rad1 Bb4 18.Rd3 Qxf3+ 19.Kxf3 Rd8 20.g4 Kf8 21.g5 Ne8 22.Ne4 Be7
23.Be5 d6 24.Bc3 f5 25.gxf6 gxf6 26.Bb4 Rc6 27.a4 Kf7 28.Ke2 f5 29.Nd2 Nf6
30.Bc3 Rg8 31.Bxf6 Bxf6 32.e4 f4 33.Rh3 Rg7 34.Nf3 Ke7 35.Rg1 Kf7 36.Rd1 Bc3
37.Rh4 b5 38.axb5 axb5 39.cxb5 Rb6 40.Rxf4+ Ke8 41.Rc1 Ba5 42.Rc6 Rxb5 43.Rxd6 Ke7
44.Rd3 Bb6 45.Kf1 Ra5 46.Nd2 Ra1+ 47.Ke2 Ra2 48.b4 Rg5 49.Rdf3 Rh5 50.Rf7+ Kd6
51.Rd3+ Kc6 52.Re7 Rh6 53.h3 Kb5 54.Rd6 Rf6 55.f3 Rg6 56.Kd3 Ra3+ 57.Kc2 Rg2
58.Rb7 Ra6 59.Rxe6  1-0

[Event "Benasque op"]
[Site "Benasque"]
[Date "1995.??.??"]
[Round "9"]
[White "Antunes, Antonio"]
[Black "Suba, Mihai"]
[Result "1/2-1/2"]
[WhiteElo "2530"]
[BlackElo "2485"]

1.Nf3 c5 2.c4 Nf6 3.g3 b6 4.Bg2 Bb7 5.O-O e6 6.Nc3 a6 7.d4 cxd4 8.Qxd4 d6
9.Rd1 Be7 10.b3 Nbd7 11.e4 Qc8 12.Bb2 O-O 13.Rac1 Re8 14.h3 Bf8 15.Nd2 Qc7
16.a3 Rac8 17.Qd3 Qb8 18.Kh2 Bc6 19.Qf1 g6 20.b4 Bg7 21.Ba1 h5 22.Kh1 Qa8
23.Re1 b5 24.Bb2 Qb8 25.cxb5 Bxb5 26.Nxb5 axb5 27.Nb3 h4 28.gxh4 Ne5 29.Bxe5 dxe5
30.Rxc8 Rxc8 31.Rc1 Rxc1 32.Qxc1 Nh5 33.Bf1 Bf6 34.Qe3 Bxh4 35.Nc5 Nf4 36.Nd3 Nxd3
37.Bxd3 Qb7 38.Kg1 Qd7 39.Be2 Qc6 40.Bf1 Be7 41.Qa7 Bf8 42.Qe3 Qa6 43.Qc3 Bh6
44.Qxe5 Qxa3 45.Qxb5 Bf8 46.Qb8  1/2-1/2

[Event "Berliner Sommer"]
[Site "Berlin"]
[Date "1995.??.??"]
[Round "3"]
[White "Krogius, Nikolai V"]
[Black "Dabrowska, Krystyna"]
[Result "1-0"]
[WhiteElo "2485"]
[BlackElo "2255"]

1.Nf3 Nf6 2.c4 c5 3.g3 b6 4.Bg2 Bb7 5.O-O e6 6.Nc3 Be7 7.d4 cxd4 8.Qxd4 O-O
9.Rd1 Nc6 10.Qf4 d6 11.b3 Qb8 12.Bb2 Rd8 13.Rac1 Nb4 14.a3 Na6 15.b4 Nc7
16.e4 Nce8 17.Qe3 Nd7 18.Nd4 a6 19.f4 Bf8 20.f5 exf5 21.Nxf5 Ra7 22.Nd5 Bxd5
23.exd5 Ne5 24.Bd4 Rb7 25.Bxe5 dxe5 26.d6 Ra7 27.c5 bxc5 28.bxc5 f6 29.Bc6 g6
30.Bxe8 Rxe8 31.c6  1-0

[Event "Berliner Sommer"]
[Site "Berlin"]
[Date "1995.??.??"]
[Round "5"]
[White "Krogius, Nikolai V"]
[Black "Wahls, Matthias"]
[Result "0-1"]
[WhiteElo "2485"]
[BlackElo "2550"]

1.Nf3 Nf6 2.c4 c5 3.g3 b6 4.Bg2 Bb7 5.O-O e6 6.Nc3 d6 7.b3 Nbd7 8.Bb2 a6
9.d4 cxd4 10.Qxd4 Be7 11.Rfd1 Qc7 12.Rac1 O-O 13.Ne1 Bxg2 14.Nxg2 Qb7 15.Ba3 Rfd8
16.Ne3 Ne5 17.f4 b5 18.Bxd6 Nxc4 19.bxc4 Rxd6 20.Qe5 Rxd1+ 21.Ncxd1 Rc8 22.Rc2 bxc4
23.Rxc4 Rxc4 24.Nxc4 Qb1 25.Qd4 Bc5 26.Qxc5 Qxd1+ 27.Kg2 Qxe2+ 28.Kg1 Qd1+
29.Kg2 Qc2+ 30.Kf3 Qe4+ 31.Kf2 Ng4+ 32.Kg1 Qe1+ 33.Kg2 Qe2+ 34.Kh3 Nf2+  0-1

[Event "Biel Credis op"]
[Site "Biel"]
[Date "1995.??.??"]
[Round "5"]
[White "Wyss, Thomas"]
[Black "Jurek, Josef"]
[Result "0-1"]
[WhiteElo "2255"]
[BlackElo "2370"]

1.Nf3 Nf6 2.g3 b6 3.Bg2 Bb7 4.O-O c5 5.c4 e6 6.Nc3 Be7 7.Re1 d5 8.cxd5 exd5
9.d4 O-O 10.Bf4 Na6 11.dxc5 bxc5 12.Ne5 Nc7 13.Qa4 Ne6 14.Red1 Qb6 15.Nd7 Nxd7
16.Qxd7 Bf6 17.Bxd5 Bxd5 18.Nxd5 Qxb2 19.Rab1 Qxa2 20.Nxf6+ gxf6 21.Bh6 Rfd8
22.Qc6 Qxe2 23.Re1 Qh5 24.Be3 Kg7 25.h4 Qd5 26.Qb5 Qd3 27.Qc6 a5 28.Qf3 Rab8
29.Rbd1 Qc4 30.Rc1 Qb4 31.Bh6+ Kg8 32.Qxf6 Qg4 33.Rxe6 fxe6 34.Rxc5 Rd5 35.Rc7 Qd1+
36.Kh2 Rd7 37.Qg5+ Kh8 38.Qe5+ Kg8 39.Rxd7 Qxd7 40.Qxb8+ Kf7 41.Qf4+ Kg6
42.Qf6+ Kxf6  0-1

[Event "Bled op-B"]
[Site "Bled"]
[Date "1995.??.??"]
[Round "1"]
[White "Muhtarov, Leonid"]
[Black "Tavzelj, B."]
[Result "0-1"]
[WhiteElo "2175"]
[BlackElo "1870"]

1.c4 Nf6 2.Nf3 e6 3.g3 b6 4.Bg2 Bb7 5.O-O c5 6.Nc3 Be7 7.Re1 O-O 8.e4 d6
9.d4 cxd4 10.Nxd4 Qc7 11.Ndb5 Qc6 12.Bf4 Rd8 13.Rc1 Ne8 14.b3 Nd7 15.Nd5 Bf8
16.a4 Ne5 17.Bh3 Bc8 18.Bxe5 dxe5 19.Nf6+ gxf6 20.Qxd8 Bd7 21.Nxa7 Qb7 22.Qxa8 Qxa8
23.Nb5 Bc6 24.Rcd1 Bxe4 25.Rd7 Bc6 26.Ra7 Qd8 27.Bg2 Qd2 28.Rf1 Bxg2 29.Kxg2 Qc2
30.a5 bxa5 31.Rxa5 Qxb3 32.Rc1 Kg7 33.Ra8 Nd6 34.Rxf8 Nxc4 35.Rb8 Nd2 36.Rc6 Qd5+
37.Kh3 Ne4 38.Rc2 Ng5+ 39.Kh4 Qe4+ 40.f4 Nf3+ 41.Kg4 h5+ 42.Kh3 Qxc2  0-1

[Event "Bled op-B"]
[Site "Bled"]
[Date "1995.??.??"]
[Round "9"]
[White "Muhtarov, Leonid"]
[Black "Simoncic, S."]
[Result "0-1"]
[WhiteElo "2175"]
[BlackElo "2160"]

1.c4 Nf6 2.Nf3 e6 3.g3 b6 4.Bg2 Bb7 5.O-O c5 6.Nc3 Be7 7.Re1 d6 8.e4 a6 9.d4 cxd4
10.Nxd4 Qc7 11.Be3 O-O 12.Rc1 Nbd7 13.f4 Rfe8 14.g4 Nc5 15.Bf2 Rac8 16.g5 Nfxe4
17.Nxe4 Nxe4 18.Bxe4 Bxe4 19.Rxe4 d5 20.Re1 Qxf4 21.Be3 Qh4 22.cxd5 Rxc1
23.Bxc1 Bc5 24.Be3 Rd8 25.Nf3 Qg4+ 26.Kh1 Rxd5 27.Qe2 Bb4 28.Rf1 Qe4 29.Qf2 Rd3
30.Bc1 Bc5 31.Qg2 Qd5 32.Ne1 Rd1 33.Nf3 e5 34.Nd2 Rxf1+ 35.Nxf1 Qd1 36.Bd2 e4
37.h4 e3 38.Qa8+ Bf8 39.Bb4 Qxf1+ 40.Kh2 Qf4+  0-1